| 000 | 00591nam a2200217Ii 4500 | ||
|---|---|---|---|
| 003 | JO-AjNU | ||
| 008 | 230606s9999||||xx |||||||||||||| ||und|| | ||
| 020 | _a2011978-3-433-02978-7 | ||
| 040 |
_aJO-AjNU _beng _erda _cJO-AjNU |
||
| 041 | _aeng | ||
| 050 | 1 | 4 | _aTA684 2011 |
| 100 | 3 |
_aRolf Kindmann/Matthias Kraus, _eauthor _94200 |
|
| 245 | 0 | 0 | _aSteel Strucures design using fem |
| 250 | _a1 ed | ||
| 264 | 3 | 1 | _a2011 |
| 300 | _a538p | ||
| 336 |
_atext _btxt _2rdacontent |
||
| 337 |
_aunmediated _bn _2rdamedia |
||
| 338 |
_avolume _bnc _2rdacarrier |
||
| 650 | 4 |
_aSteel-structure _94201 |
|
| 999 |
_aE2185 _c2183 _d2183 |
||